Länder, die die meisten Models ''produzieren'' - Statistiken

Allgemein
  • Dieses Quiz wurde 148 mal gespielt
  • Das Durchschnittsergebnis liegt bei 8 aus 10
Antwortstatistiken
# Top Model Land % Korrekt
1. Vereinigte Staaten
97%
7. Deutschland
94%
10. Frankreich
89%
2. Brasilien
85%
3. Russland
82%
6. Kanada
79%
4. Vereinigtes Königreich
74%
9. Australien
65%
8. Polen
50%
5. Niederlande
40%
Keine übereinstimmenden Quizze gefunden
Verteilung der Resultate
Anzahl Personen mit jedem Resultat
Perzentil nach korrekt beantworteten Fragen
Ihre Resultats-Entwicklung
Sie haben dieses Quiz noch nicht gespielt